01721cam a2200373 a 4500001001400000003000800014005001700022006001900039007001500058008004100073020003800114040003000152049002600182050002100208082001600229245008200245260002700327300005500354490004700409505017600456520026300632521001700895588004700912504004100959650006301000655002901063700001901092710001601111776003501127830004801162856010201210942001601312999001901328EDZ0000116379StDuBDS20161031105126.0m||||||||d||||||||cr |||||||||||130111s2005 enka fo| 000|0|eng d a9781446261606 (ebook) :cNo price aStDuBDSbengcStDuBDSepn aAlfaisal Main Library 0aH62b.E8477 200504a300.72322300aEvaluation research methodsh[electronic resource] /cedited by Elliot Stern. aLondon :bSAGE,c2005. a1 online resource (4 v. (various pagings)) :bill.1 aSAGE benchmarks in social research methods0 av. 1. Foundations issues in evaluation -- v. 2. Evaluation practice for engagement -- v. 3. Explanatory and economic models -- v. 4. Strengthening policies and programmes.8 aEvaluation is a set of research methods and associated methodologies with a distinctive purpose. This collection offers an unparalleled guide to this rapidly expanding research method by demonstrating how method and theory are applied in policy and strategy. aSpecialized. aDescription based on print version record. aIncludes bibliographical references. 0aEvaluation research (Social action programs)xMethodology. 7aElectronic books.2local1 aStern, Elliot.2 aSage eBooks08iPrint version :z9781412901529 0aSAGE benchmarks in social research methods.40uhttp://ezproxy.alfaisal.edu/login?url=http://sk.sagepub.com/navigator/evaluation-research-methods 2lcccEBOOKS c479830d479830